Kinh tế Nhật, những kinh nghiệm phát triển nhanh không khủng hoảng và lạm phát : Mấy so sánh với sự điều hành kinh tế Việt Nam và vì sao Việt Nam có khả năng thành công hơn Nhật

Sách nghiên cứu thời kỳ phát triển siêu tốc kinh tế của Nhật từ 1970 - 1973 tìm hiểu những nguyên nhân đã giúp Nhật đạt được sự phát triển kinh tế đó. Nghiên cứu những yếu kém riêng của Nhật khiến cho nền kinh tế của Nhật không trở t...

Cur síos iomlán

Đã lưu trong:
Sonraí Bibleagrafaíochta
Príomhúdar: Lê, Khoa
Formáid: Leabhar
Teanga:Undetermined
Foilsithe: Hải Phòng Nxb. Hải Phòng 2009
Ábhair:
Clibeanna: Cuir Clib Leis
Gan Chlibeanna, Bí ar an gcéad duine leis an taifead seo a chlibeáil!
Thư viện lưu trữ: Trung tâm Học liệu Trường Đại học Cần Thơ
LEADER 01449nam a2200229Ia 4500
001 CTU_155440
008 210402s9999 xx 000 0 und d
020 |c 70000 
082 |a 330.952 
082 |b Kh401 
100 |a Lê, Khoa 
245 0 |a Kinh tế Nhật, những kinh nghiệm phát triển nhanh không khủng hoảng và lạm phát : 
245 0 |b Mấy so sánh với sự điều hành kinh tế Việt Nam và vì sao Việt Nam có khả năng thành công hơn Nhật 
245 0 |c Lê Khoa 
260 |a Hải Phòng 
260 |b Nxb. Hải Phòng 
260 |c 2009 
520 |a Sách nghiên cứu thời kỳ phát triển siêu tốc kinh tế của Nhật từ 1970 - 1973 tìm hiểu những nguyên nhân đã giúp Nhật đạt được sự phát triển kinh tế đó. Nghiên cứu những yếu kém riêng của Nhật khiến cho nền kinh tế của Nhật không trở thành nước siêu cường quốc về kinh tế trên thế giới. Tổng kết về phát triển kinh tế tại Nhật và những bài học có thể rút ra được để ứng dụng ở Việt Nam. 
650 |a Japan,Japan 
650 |x Economic aspects,Economic conditions 
904 |i Bạch Trúc 
980 |a Trung tâm Học liệu Trường Đại học Cần Thơ